000 00587nam a22002177a 4500
003 OSt
005 20230119035802.0
008 170405b xxu||||| |||| 00| 0 eng d
020 _a0712619283
040 _aMMU
_cMMU
_dMMU
_beng.
043 _aa-np---
050 0 0 _aDS485 .N4.M87 1967
082 0 0 _a915.49/6/03
100 1 _aMurphy, Dervla,
_d1931-
245 1 4 _aThe waiting land:
_ba spell in Nepal/
_cDervla Murphy.
260 _aLondon:
_bCentury,
_c1967.
300 _av,216p.;
500 _aIncludes index.
651 0 _aNepal
_xDescription and travel.
942 _2lcc
_cLOAN LOAN
999 _c27010
_d27010